00792nam a2200205 i 450000100060000000300090000600500170001500700030003200800410003508000100007624500720008626000340015830000380019250500950023065000260032570000420035185200240039399900170041795201520043459238ES-MaACL20260201160543.0t|031028s1965 sp e ||||1| spa d a(031)00aEnciclopedia internacional Focus / cIgnacio Agustí ... [et al.]. aBarcelona : bArgos, c[1965] a5 v. : bil. col. y n. ; c25 cm.8 aContiene: 2. Ciliados-fyvaller - 3. G-lluvia - 4. M-psicofísica - 5. Psi-vap. - 6. Var-z aEnciclopedias.9122351 aAgustí, Ignacio, d1913-19749189094 aES-MaACLjP-986-bis c59238d59238 001040708Colección_de_referencia aATENEOMbATENEOMcDEPO2d2008-01-17eSCl0oP-986-bisp1062139r2023-02-23 00:00:00w2023-02-23yMONOGRAFIA